| 000 | 00350 a2200145 4500 | ||
|---|---|---|---|
| 999 |
_c6717 _d6717 |
||
| 020 | _a0869221698 | ||
| 050 | _aPL8681.9 MUT 1981 | ||
| 100 | _aMutize, K. | ||
| 245 |
_aNdinozviziva / _cKenneth Mutize |
||
| 264 |
_aGweru: _bMambo Press; _c1981 |
||
| 300 | _a67p. ; | ||
| 500 | _aShona | ||
| 650 | _aShona Literature | ||
| 942 |
_2lcc _cBK _h8681.9 _iMUT _kPL |
||